History of India (Record no. 394957)

MARC details
000 -LEADER
fixed length control field 00470nam a22001937a 4500
005 - DATE & TIME
control field 20260130160747.0
008 - FIXED-LENGTH DATA ELEMENTS--GENERAL INFORMATION
fixed length control field 260129b |||||||| |||| 00| 0 eng d
020 ## - ISBN
International Standard Book Number 9789364132817
Price Rs. 1995.00
040 ## - CATALOGING SOURCE
Original cataloging agency VIVEKANANDA LIBRARY
082 ## - DDC NUMBER
Classification number 954
Book Number P882H
100 ## - MAIN ENTRY--PERSONAL NAME
Personal name Pradhan, K T S
245 ## - TITLE STATEMENT
Title History of India
260 ## - PUBLICATION, DISTRIBUTION, ETC. (IMPRINT)
Name of publisher, distributor, etc Arihant Books
Date of publication, distribution, etc 2025
Place of publication, distribution, etc New Delhi
300 ## - PHYSICAL DESCRIPTION
Pages viii, 272
650 ## - Subject
Subject History
650 ## - Subject
Subject Indian History
650 ## - Subject
Subject Civilization
942 ## - ADDED ENTRY ELEMENTS (KOHA)
Koha item type Books
Holdings
Withdrawn status Lost status Source of classification or shelving scheme Damaged status Not for loan Location (home branch) Sublocation or collection (holding branch) Shelving location Date acquired Koha issues (times borrowed) Koha full call number Accession No. Koha date last seen Koha item type
    Dewey Decimal Classification     VIVEKANANDA LIBRARY VIVEKANANDA LIBRARY Vivekananda Library 07/01/2026   954 P882H 444031 07/01/2026 Books
© Designed and Maintained by Vivekananda Library, MDU Rohtak